000 00550nam a2200169Ia 4500
008 090201s9999 xx 000 0 und d
010 _aKPL-18978
040 _bमराठी
041 _aमराठी
082 _a10856
_b18978
100 _aना. रा. शेंडे
245 _aव्यक्ती आणि साधना
_cना. रा. शेंडे
260 _c2004
_bसुधा प्रकाशन
300 _a431
_bमोठा
600 _aव्यक्ती आणि साधना
942 _cBOOK
999 _c211282
_d211282